La mirada pedagógica para el siglo XXI: teorías, temas y prácticas en cuestión. Reflexiones de un encuentro /
Gardado en:
| Autor Principal: | |
|---|---|
| Autores Corporativos: | , |
| Formato: | Procedimiento de la Conferencia |
| Idioma: | Spanish |
| Publicado: |
Argentina :
Editorial de la Facultad de Filosofía y Letras, Universidad de Buenos Aires
|
| Materias: | |
| Etiquetas: |
Engadir etiqueta
Sen Etiquetas, Sexa o primeiro en etiquetar este rexistro!
|
MARC
| LEADER | 00000 a2200000 04500 | ||
|---|---|---|---|
| 001 | 44435 | ||
| 003 | |||
| 008 | 050703s2011 ag spa d | ||
| 040 | |||
| 020 | |a 978-987-1785-17-9 | ||
| 090 | |a 0001 H652m | ||
| 100 | |a Hillert, Flora María, |e compiladora | ||
| 110 | |a Universidad de Buenos Aires. Facultad de Filosofía y Letras. Secretaría de Investigación y Posgrado. | ||
| 111 | |a Maestría en Educación Pedagogías Criticas y Problemáticas Socioeducativas | ||
| 245 | |a La mirada pedagógica para el siglo XXI: |b teorías, temas y prácticas en cuestión. Reflexiones de un encuentro / |c Flora M. Hillert; María José Ameijeiras; Nora Graziano, Compiladoras | ||
| 260 | |a Argentina : |b Editorial de la Facultad de Filosofía y Letras, Universidad de Buenos Aires | ||
| 300 | |a 210 páginas | ||
| 500 | |a Jornadas: "La mirada pedagógica para el siglo XXI: teorías, temas y prácticas en cuestión" (7 y 8 de agoso de 2009) | ||
| 600 | |a Ameijeiras María José |e Coordinadora | ||
| 600 | |a Graziano Nora |e Compiladora | ||
| 999 | |c 16069 |d 16069 | ||



